[Event "Titled Tue 17th Jun Early"]
[Site "chess.com INT"]
[Date "2025.06.17"]
[Round "7"]
[White "Verbovsky, Michal"]
[Black "Osiecki, Stanislaw"]
[Result "1-0"]
[WhiteTitle "CM"]
[BlackTitle "FM"]
[WhiteElo "2172"]
[BlackElo "1944"]
[WhiteFideId "14934213"]
[BlackFideId "1102990"]
[EventDate "2025.06.17"]

1. e4 e6 2. d4 d5 3. Bd3 dxe4 4. Bxe4 c5 5. Ne2 Nc6 6. Be3 Nf6 7. Bf3 cxd4 8.
Nxd4 Bd7 9. Nc3 Bb4 10. O-O Bxc3 11. bxc3 O-O 12. Rb1 Rb8 13. Nb5 Ne5 14. Bxa7
Bxb5 15. Rxb5 Nxf3+ 16. Qxf3 Ra8 17. Rxb7 Qd5 18. Qxd5 Nxd5 19. c4 Nc3 20. a3
Rfc8 21. c5 Ne4 22. Rfb1 h6 23. f3 Nxc5 24. Bxc5 Rxc5 25. Rb8+ Rxb8 26. Rxb8+
Kh7 27. Rb2 Rc3 28. Ra2 Kg6 29. a4 Rc6 30. a5 Ra6 31. Kf2 Kf6 32. f4 e5 33. Kf3
exf4 34. Kxf4 Ke6 35. Ke4 Kd6 36. Kd4 Kc6 37. Kc4 f5 38. Ra3 g5 39. Kb4 g4 40.
Rc3+ Kb7 41. Rc5 Rf6 42. g3 f4 43. gxf4 Rxf4+ 44. c4 Rf1 45. Rh5 Rb1+ 46. Kc5
Ra1 47. Kd4 Ra4 48. Rxh6 Rxa5 49. c5 Ra2 50. Rh7+ Kc6 51. Rh6+ Kc7 52. Ke3 Rc2
53. Rh5 Kc6 54. Kf4 Rc4+ 55. Kg3 Ra4 56. Rg5 Rc4 57. Rxg4 Rxc5 58. Re4 Rg5+ 59.
Kh4 Rg2 60. h3 Kd5 61. Re1 Kd6 62. Kh5 Rg3 63. h4 Kd7 64. Kh6 Rg8 65. h5 Rh8+
66. Kg6 Rg8+ 67. Kh7 Rg5 68. h6 Rg2 69. Re4 Kd8 70. Re6 Kd7 71. Rg6 1-0

[Event "Titled Tue 17th Jun Early"]
[Site "chess.com INT"]
[Date "2025.06.17"]
[Round "7"]
[White "Lagarde, Maxime"]
[Black "Gurel, Ediz"]
[Result "0-1"]
[WhiteTitle "GM"]
[BlackTitle "GM"]
[WhiteElo "2621"]
[BlackElo "2636"]
[WhiteFideId "662399"]
[BlackFideId "44507356"]
[EventDate "2025.06.17"]

1. d4 Nf6 2. c4 b6 3. f3 e6 4. e4 Bb7 5. Be3 d6 6. Nc3 Be7 7. Qd2 Nbd7 8. O-O-O
a6 9. Kb1 c5 10. d5 exd5 11. cxd5 b5 12. g4 b4 13. Nce2 Ne5 14. Ng3 O-O 15. h4
Nfd7 16. h5 Nb6 17. Nf5 Nbc4 18. Bxc4 Nxc4 19. Qe2 Nxe3 20. Qxe3 Re8 21. Ne2 Bf6
22. Rdg1 h6 23. Neg3 Bxd5 24. g5 Bxg5 25. f4 Bf6 26. Qd3 Be6 27. Nxd6 Qa5 28. e5
Qxa2+ 29. Kc1 c4 30. Qb1 Qb3 31. Qc2 Qe3+ 32. Qd2 Qxd2+ 33. Kxd2 Red8 34. Ke3
Be7 35. Ngf5 Bxf5 36. Nxf5 Bc5+ 37. Ke4 Bxg1 38. Rxg1 c3 39. bxc3 bxc3 40. Nxh6+
Kf8 41. Nf5 c2 42. Rc1 Rac8 43. Nd6 Rc3 44. Kd4 Rc7 45. Kd5 a5 46. h6 gxh6 47.
f5 a4 48. f6 a3 0-1

[Event "Titled Tue 17th Jun Early"]
[Site "chess.com INT"]
[Date "2025.06.17"]
[Round "7"]
[White "Kozak, Antoni"]
[Black "Martinez Alcantara, Jose Eduardo"]
[Result "1-0"]
[BlackTitle "GM"]
[WhiteElo "2426"]
[BlackElo "2611"]
[WhiteFideId "21832030"]
[BlackFideId "3805662"]
[EventDate "2025.06.17"]

1. g3 c5 2. Bg2 Nc6 3. e3 e5 4. Ne2 g6 5. d4 cxd4 6. exd4 d6 7. dxe5 dxe5 8.
Qxd8+ Nxd8 9. Nbc3 f6 10. Be3 Kf7 11. O-O-O Nc6 12. f4 Bh6 13. Nb5 Nge7 14. Nd6+
Kg7 15. Nxc8 Raxc8 16. Rd7 Rhe8 17. Rxb7 Kh8 18. Rd1 Nf5 19. Bxc6 Rxc6 20. Bd2
Rec8 21. c3 e4 22. g4 Nd6 23. Rxa7 Nc4 24. Be1 Ne5 25. Kb1 Nxg4 26. Rdd7 Kg8 27.
Rxh7 Rd6 28. Rhd7 Rxd7 29. Rxd7 Nxh2 30. Bh4 Rf8 31. a4 Nf3 32. Bf2 g5 33. f5 g4
34. a5 e3 35. Bg3 Ra8 36. b4 Nd2+ 37. Kc2 Ne4 38. Rd4 Nf2 39. Bxf2 exf2 40.
Rxg4+ Kf7 41. Ng3 Re8 42. a6 Re3 43. a7 Rxg3 44. a8=Q f1=Q 45. Qa2+ Kf8 46. Qg8+
Ke7 47. Qe6+ Kf8 48. Qxf6+ Ke8 49. Qe6+ Kd8 50. Rd4+ Kc7 51. Rd7+ 1-0

[Event "Titled Tue 17th Jun Early"]
[Site "chess.com INT"]
[Date "2025.06.17"]
[Round "7"]
[White "Galperin, Platon"]
[Black "Elier, Ali"]
[Result "1-0"]
[WhiteTitle "GM"]
[BlackTitle "CM"]
[WhiteElo "2500"]
[BlackElo "2142"]
[WhiteFideId "14165414"]
[BlackFideId "16217543"]
[EventDate "2025.06.17"]

1. c4 e6 2. g3 Nf6 3. Bg2 d5 4. Nf3 Be7 5. O-O O-O 6. d3 c5 7. Ne5 Nc6 8. Nxc6
bxc6 9. Nc3 e5 10. Bg5 Be6 11. Na4 Qa5 12. Rc1 Rac8 13. Bd2 Qa6 14. b3 Rfd8 15.
Qc2 Nd7 16. Be3 d4 17. Bd2 Nb6 18. Nb2 Nd7 19. e3 Rb8 20. Ra1 Bf5 21. e4 Be6 22.
f4 f6 23. f5 Bf7 24. g4 Qb7 25. h4 h5 26. g5 fxg5 27. hxg5 g6 28. Qd1 Nf8 29.
Qf3 Bd6 30. Rf2 Qd7 31. Raf1 Rb7 32. Bh3 Qe7 33. Rg2 Nh7 34. Nd1 Rf8 35. Nf2 Be8
36. Nh1 Qg7 37. Ng3 Bc7 38. Qe2 Bd8 39. f6 Qf7 40. Nxh5 gxh5 41. g6 Qxg6 42.
Rxg6+ Bxg6 43. Qg2 Kf7 44. Bc8 Rc7 45. Qh3 Nxf6 46. Bh6 Re8 47. Bg5 Kg7 48. Bf5
Rf7 49. Bxg6 Kxg6 50. Qf5+ Kg7 51. Rf3 Ref8 52. Qxe5 Kg6 53. Qf5+ Kg7 54. Rg3
Ng4 55. Bf6+ Rxf6 56. Qg5+ Rg6 57. Qxh5 Bc7 58. Rxg4 Rxg4+ 59. Qxg4+ Kf7 60.
Qd7+ 1-0

[Event "Titled Tue 17th Jun Early"]
[Site "chess.com INT"]
[Date "2025.06.17"]
[Round "7"]
[White "Gubatayev, Ahmet"]
[Black "Dehtiarov, Roman"]
[Result "0-1"]
[WhiteTitle "CM"]
[BlackTitle "FM"]
[WhiteElo "2191"]
[BlackElo "2416"]
[WhiteFideId "14004526"]
[BlackFideId "14186640"]
[EventDate "2025.06.17"]

1. Nf3 d5 2. d4 Nf6 3. g3 g6 4. Bg2 Bg7 5. O-O O-O 6. c4 dxc4 7. Qc2 b5 8. a4
Bf5 9. Qd1 c6 10. axb5 cxb5 11. Ne5 Be4 12. Nc3 Bxg2 13. Kxg2 a6 14. e3 Nbd7 15.
Nc6 Qe8 16. Qf3 e5 17. d5 e4 18. Qd1 Nc5 19. Nb4 a5 20. Nc6 b4 21. Nb5 Nb3 22.
Ra2 Qd7 23. f3 Nxd5 24. Qxd5 Qxd5 25. Ne7+ Kh8 26. Nxd5 exf3+ 27. Kxf3 Rad8 28.
Nbc7 Be5 29. e4 f5 30. Kg2 fxe4 31. Rxf8+ Rxf8 32. Be3 Rf3 33. Bb6 Rd3 34. Bxa5
Rd2+ 35. Kh3 Nxa5 36. Rxa5 Bxc7 37. Nxc7 Rxb2 38. Rc5 b3 39. Rxc4 Rc2 40. Rxe4
Rxc7 41. Rb4 Rc3 42. Kg4 Kg7 43. h4 Kf6 44. Rb6+ Ke5 45. Rb5+ Kd4 46. Rb7 h5+
47. Kf4 Kd3 48. Kg5 Kc2 49. Kxg6 Rxg3+ 50. Kxh5 b2 51. Rxb2+ Kxb2 52. Kh6 Kc3
53. h5 Kd4 54. Kh7 Ke5 55. h6 Kf6 56. Kh8 Kg6 57. h7 Ra3 58. Kg8 Ra8# 0-1

[Event "Titled Tue 17th Jun Early"]
[Site "chess.com INT"]
[Date "2025.06.17"]
[Round "7"]
[White "Jahnz, Laurin"]
[Black "Moldagali, Beksultan"]
[Result "0-1"]
[WhiteTitle "CM"]
[BlackTitle "FM"]
[WhiteElo "2221"]
[BlackElo "2397"]
[WhiteFideId "16261089"]
[BlackFideId "13734768"]
[EventDate "2025.06.17"]

1. e4 d5 2. exd5 Qxd5 3. Nc3 Qa5 4. Nf3 Nf6 5. d4 Bf5 6. Bc4 e6 7. Bd2 Bb4 8.
O-O Nc6 9. a3 Bxc3 10. Bxc3 Qb6 11. Bd3 Bxd3 12. Qxd3 O-O 13. Ne5 Nxe5 14. dxe5
Rad8 15. exf6 Rxd3 16. fxg7 Re8 17. cxd3 e5 18. Rfe1 Kxg7 19. Rxe5 Rxe5 20.
Bxe5+ f6 21. Bc3 Qb5 22. d4 h5 23. Re1 Kf7 24. h4 a5 25. Re3 Qd5 26. Rf3 c6 27.
Re3 Qc4 28. Rf3 Ke6 29. d5+ Kxd5 30. Rf5+ Ke6 31. Rxf6+ Ke7 32. Rf5 Qg4 33. Rxa5
Qxh4 34. Re5+ Kd7 35. Re3 Qg4 36. Rd3+ Ke6 37. Re3+ Kd5 38. f3 Qg3 39. Rd3+ Kc5
40. Bb4+ Kb5 41. Rd4 Qe5 42. Bc3 Qe3+ 43. Kh2 c5 44. Rh4 Qe8 45. Kh3 Qg6 46. a4+
Kc6 47. a5 Kb5 48. Kh2 Qf5 49. Rh3 c4 50. Rh4 Kc5 51. Rh3 Kb5 52. Rh4 Qd5 53.
Kh3 Ka6 54. g3 Qxf3 55. Rf4 Qh1# 0-1

[Event "Titled Tue 17th Jun Early"]
[Site "chess.com INT"]
[Date "2025.06.17"]
[Round "7"]
[White "Postny, Evgeny"]
[Black "Harsha, Bharathakoti"]
[Result "1-0"]
[WhiteTitle "GM"]
[BlackTitle "GM"]
[WhiteElo "2525"]
[BlackElo "2527"]
[WhiteFideId "2804344"]
[BlackFideId "5078776"]
[EventDate "2025.06.17"]

1. c4 e5 2. Nc3 Nc6 3. g3 f5 4. Bg2 Nf6 5. d3 g6 6. Nf3 Bg7 7. O-O O-O 8. Rb1 a5
9. a3 d6 10. b4 axb4 11. axb4 Qe8 12. Nb5 Qe7 13. e3 e4 14. Ne1 Ne5 15. Qc2 c6
16. Nd4 d5 17. cxd5 cxd5 18. Bb2 Re8 19. Qb3 Kh8 20. Ne2 Bd7 21. Nf4 Ba4 22. Qc3
g5 23. Ne2 Bb5 24. Nd4 Bd7 25. Qd2 Rg8 26. f4 exf3 27. Nexf3 Nf7 28. Rbe1 Rae8
29. Nc2 h6 30. Nfd4 Nd6 31. Bh3 Ng4 32. Qg2 Be6 33. Bxg4 fxg4 34. Nxe6 Bxb2 35.
Ned4 Bc3 36. Re2 Qe5 37. Qf2 Re7 38. Qf6+ Qxf6 39. Rxf6 Nf7 40. Rb6 Rge8 41. Nf5
Rc7 42. Nxh6 Ne5 43. d4 Nc4 44. Rf6 Kg7 45. Nxg4 Bd2 46. Rf5 Kg6 47. Rxd5 Rf7
48. Rc5 b5 49. Rxb5 Re4 50. Rc5 Rxg4 51. Rxc4 1-0

[Event "Titled Tue 17th Jun Early"]
[Site "chess.com INT"]
[Date "2025.06.17"]
[Round "7"]
[White "Beyer, Lorenz"]
[Black "Balavignan, Ashvin"]
[Result "0-1"]
[WhiteTitle "CM"]
[BlackTitle "CM"]
[WhiteElo "2226"]
[BlackElo "2023"]
[WhiteFideId "16245393"]
[BlackFideId "3261425"]
[EventDate "2025.06.17"]

1. d4 d5 2. Bf4 c5 3. e3 Nc6 4. c3 Bf5 5. Bd3 Bxd3 6. Qxd3 e6 7. Nf3 Nf6 8. h3
Be7 9. Nbd2 Qb6 10. Qc2 Rc8 11. Qb3 c4 12. Qxb6 axb6 13. O-O b5 14. a3 O-O 15.
Rfe1 Ne4 16. Nxe4 dxe4 17. Nd2 f5 18. f3 exf3 19. Nxf3 h6 20. Bh2 Ra8 21. e4 f4
22. d5 Bc5+ 23. Kh1 exd5 24. exd5 Ne7 25. Rad1 Rad8 26. Bg1 Bd6 27. Re6 Nf5 28.
Bf2 Kf7 29. Nd4 Nxd4 30. Bxd4 Rd7 31. Be5 Bxe5 32. Rxe5 g5 33. d6 Re8 34. Rxb5
Red8 35. Rb6 Ke6 36. Rd4 Rxd6 37. Rbxd6+ Rxd6 38. Rxc4 Rd1+ 39. Kh2 Rd2 40. Rb4
f3 41. Kg1 Rxg2+ 42. Kf1 h5 43. Rb5 Kf6 44. a4 Rc2 45. a5 g4 46. hxg4 hxg4 47.
Rb6+ Kg5 48. Rxb7 g3 49. Rg7+ Kf4 50. Rf7+ Ke4 51. Re7+ Kd5 52. Rd7+ Ke6 53. Rd1
Rh2 54. Kg1 f2+ 55. Kf1 Rh1+ 56. Ke2 Rxd1 57. Kxd1 f1=Q+ 58. Kc2 Qa6 59. b3 Kd5 0-1

[Event "Titled Tue 17th Jun Early"]
[Site "chess.com INT"]
[Date "2025.06.17"]
[Round "7"]
[White "Xue, Haowen"]
[Black "Bukreev, Stanislav"]
[Result "1-0"]
[WhiteTitle "GM"]
[BlackTitle "FM"]
[WhiteElo "2518"]
[BlackElo "2305"]
[WhiteFideId "8625492"]
[BlackFideId "34252347"]
[EventDate "2025.06.17"]

1. d4 Nf6 2. c4 e6 3. Nf3 d5 4. Nc3 c5 5. cxd5 Nxd5 6. g3 Nxc3 7. bxc3 cxd4 8.
Qxd4 Qxd4 9. Nxd4 a6 10. Bg2 e5 11. Nc2 Bc5 12. Rb1 Nc6 13. O-O O-O 14. Ba3 Bxa3
15. Nxa3 Na5 16. Rfd1 Bf5 17. Rb6 Rfd8 18. Rd5 Be6 19. Rxa5 Rd1+ 20. Bf1 Bh3 21.
Rb1 Rad8 22. Rxe5 Kf8 23. f3 Bxf1 24. Kf2 Bh3 25. g4 Rxb1 26. Nxb1 Rd1 27. Na3
g6 28. Nc4 Rc1 29. Nd2 Ra1 30. Kg3 Bf1 31. Kf2 Bg2 32. Kxg2 Rxa2 33. Rd5 Rc2 34.
c4 b5 35. cxb5 axb5 36. Kf2 b4 37. Ne4 b3 38. Rb5 b2 39. Ke3 f5 40. gxf5 gxf5
41. Rxf5+ Ke7 42. Rb5 Kd7 43. Kd3 Rc1 44. Rxb2 Rh1 45. Rb7+ Ke6 46. Rxh7 Kf5 47.
Rh5+ Kf4 48. Rh4+ Ke5 49. f4+ Ke6 50. Rh6+ Ke7 51. f5 Ra1 52. Rh7+ Ke8 53. f6
Ra5 54. Nd6+ Kf8 55. Rh8# 1-0

[Event "Titled Tue 17th Jun Early"]
[Site "chess.com INT"]
[Date "2025.06.17"]
[Round "7"]
[White "Linares Orellana, Hector Jose"]
[Black "Cuenca Jimenez, Jose Fernando"]
[Result "0-1"]
[WhiteTitle "FM"]
[BlackTitle "GM"]
[WhiteElo "2111"]
[BlackElo "2487"]
[WhiteFideId "7304307"]
[BlackFideId "2255570"]
[EventDate "2025.06.17"]

1. e4 c5 2. Nf3 Nc6 3. Bb5 e5 4. O-O Bd6 5. Re1 Nf6 6. c3 a6 7. Bxc6 dxc6 8. d4
cxd4 9. cxd4 Nd7 10. Nc3 O-O 11. Be3 Re8 12. dxe5 Nxe5 13. Nxe5 Bxe5 14. f4 Qxd1
15. Nxd1 Bc7 16. Nc3 f6 17. h3 Be6 18. Rad1 Rad8 19. Kf2 b5 20. a3 a5 21. Ne2
Bf7 22. Kf3 b4 23. axb4 axb4 24. Rc1 Rc8 25. Rxc6 Bb8 26. Rec1 Rxc6 27. Rxc6 Bg6
28. f5 Bf7 29. Rb6 b3 30. Bf4 Ba7 31. Rb7 Bc5 32. Be3 Bf8 33. Nd4 Rc8 34. Nxb3
g6 35. Nd4 Bc5 36. fxg6 hxg6 37. b4 Bf8 38. b5 f5 39. Nc6 Re8 40. e5 Bd5+ 41.
Kf4 Bh6+ 42. Kg3 Bxe3 43. Ne7+ Rxe7 44. Rxe7 Kf8 45. Rd7 Be4 46. Rd6 g5 47. b6
Bf4+ 48. Kf2 Bxe5 49. Re6 Bd4+ 50. Ke2 Kf7 51. Rh6 Kg7 52. Rd6 Bc5 53. Re6 Kf7
54. Rh6 Kg7 0-1

[Event "Titled Tue 17th Jun Early"]
[Site "chess.com INT"]
[Date "2025.06.17"]
[Round "7"]
[White "Zakirov, Musa"]
[Black "Askarov, Bakhtiyar"]
[Result "1-0"]
[WhiteTitle "FM"]
[BlackTitle "IM"]
[WhiteElo "2209"]
[BlackElo "2297"]
[WhiteFideId "44189222"]
[BlackFideId "13701100"]
[EventDate "2025.06.17"]

1. e4 c5 2. Nf3 e6 3. d4 cxd4 4. Nxd4 a6 5. Nc3 Qc7 6. Bd3 Nf6 7. Qe2 Bc5 8. Nb3
Bd6 9. h3 Nc6 10. Be3 Be5 11. O-O Bf4 12. Qf3 Bxe3 13. Qxe3 O-O 14. f4 d5 15. e5
Nd7 16. Ne2 b6 17. Nbd4 Nc5 18. c3 Bd7 19. Bc2 Na5 20. b4 Nc4 21. Qg3 Na4 22.
Rac1 Rac8 23. Bxa4 Bxa4 24. Rfe1 Bd7 25. f5 Qxe5 26. Nf4 Qf6 27. fxe6 fxe6 28.
Nfxe6 Bxe6 29. Rxe6 Qf4 30. Qxf4 Rxf4 31. Rce1 Nd2 32. Rxb6 Ne4 33. Rxa6 Nxc3
34. Nc6 Kf8 35. a4 Rc4 36. Rf1+ Ke8 37. Ne5 Rxb4 38. Re6+ Kd8 39. Rf8+ Kc7 40.
Rc6+ Kb7 41. Rfxc8 Ne4 42. R8c7+ Ka8 43. Ra6+ Kb8 44. Raa7 Rb1+ 45. Kh2 Rb7 46.
Raxb7+ 1-0

[Event "Titled Tue 17th Jun Early"]
[Site "chess.com INT"]
[Date "2025.06.17"]
[Round "7"]
[White "Terkiewicz, Bruno"]
[Black "Flynn, Jacob"]
[Result "1-0"]
[WhiteTitle "CM"]
[BlackTitle "CM"]
[WhiteElo "2183"]
[BlackElo "2274"]
[WhiteFideId "21093245"]
[BlackFideId "2509393"]
[EventDate "2025.06.17"]

1. Nf3 d5 2. e3 Nf6 3. c4 e6 4. b3 Bd6 5. Bb2 O-O 6. Nc3 b6 7. Rc1 c6 8. cxd5
exd5 9. g3 Bb7 10. Bg2 Nbd7 11. O-O Re8 12. Ne2 c5 13. d4 Rc8 14. dxc5 bxc5 15.
Nf4 Qe7 16. Nh4 g6 17. Nxd5 Bxd5 18. Bxd5 Nxd5 19. Qxd5 Be5 20. Bxe5 Nxe5 21.
Nf3 Nxf3+ 22. Qxf3 Qe4 23. Qxe4 Rxe4 24. Rfd1 c4 25. Rd7 a5 26. Ra7 Rc5 27. Rxc4
Rexc4 28. bxc4 h5 29. Kf1 h4 30. gxh4 Kg7 31. Ke2 Rxc4 32. Rxa5 Rxh4 33. a4 Rxh2
34. Rd5 Rh1 35. a5 Ra1 36. Rb5 f5 37. Kf3 Kf6 38. Rb6+ Kg5 39. a6 Ra3 40. Kg3
f4+ 41. Kf3 fxe3 42. fxe3 Kf5 43. Rc6 g5 44. Kf2 g4 45. Rc5+ Kf6 46. Rh5 Kg6 47.
Rb5 g3+ 48. Kxg3 Rxe3+ 49. Kf4 Ra3 50. Rb6+ Kf7 51. Ke5 Ke7 52. Rb7+ Kd8 53. a7
Ra5+ 54. Kd4 1-0

[Event "Titled Tue 17th Jun Early"]
[Site "chess.com INT"]
[Date "2025.06.17"]
[Round "7"]
[White "Kovalchuk, Alexey"]
[Black "Brancaleoni, Maurizio"]
[Result "1/2-1/2"]
[WhiteTitle "FM"]
[BlackTitle "FM"]
[WhiteElo "2304"]
[BlackElo "2185"]
[WhiteFideId "24154385"]
[BlackFideId "803022"]
[EventDate "2025.06.17"]

1. d4 Nf6 2. c4 b6 3. f3 Nc6 4. Nc3 d5 5. cxd5 Nxd5 6. e4 Nxc3 7. bxc3 e6 8. Bb5
Bd7 9. Ne2 Be7 10. O-O O-O 11. Be3 Na5 12. Bd3 c5 13. Kh1 cxd4 14. cxd4 Rc8 15.
Rc1 Rxc1 16. Qxc1 Ba4 17. Qb2 Qd7 18. Rc1 Rc8 19. g4 h6 20. Kg2 Rxc1 21. Qxc1
Qc6 22. Kf2 Qxc1 23. Bxc1 Kf8 24. Ke3 Bd7 25. f4 Nc6 26. Nc3 Nb4 27. Bb1 g5 28.
f5 f6 29. h3 Bd6 30. Kf3 Ke7 31. Be3 Na6 32. Bd3 Nb4 33. Bb1 Na6 34. Bd3 Nb4 35.
Bc4 Nc2 36. Bf2 Bb4 37. Nb5 Bxb5 38. Bxb5 Bc3 39. d5 exd5 40. exd5 Nd4+ 41. Bxd4
Bxd4 42. Ke4 Be5 43. Bc4 Kd6 44. Bb5 Kc5 45. Bc6 b5 46. Kd3 a5 47. Bb7 a4 48.
Bc6 Bd6 49. Kc3 Be5+ 50. Kd3 Bd6 51. Kc3 Be5+ 52. Kd3 1/2-1/2

[Event "Titled Tue 17th Jun Early"]
[Site "chess.com INT"]
[Date "2025.06.17"]
[Round "7"]
[White "Mayank, Chakraborty"]
[Black "Oparin, Grigoriy"]
[Result "1-0"]
[WhiteTitle "IM"]
[BlackTitle "GM"]
[WhiteElo "2457"]
[BlackElo "2660"]
[WhiteFideId "25659766"]
[BlackFideId "24125890"]
[EventDate "2025.06.17"]

1. d4 Nf6 2. c4 e6 3. g3 d5 4. Bg2 Be7 5. Nf3 O-O 6. O-O c6 7. Qc2 b6 8. Nbd2 c5
9. cxd5 exd5 10. e4 Nc6 11. exd5 Nxd5 12. dxc5 bxc5 13. Ne4 Ncb4 14. Qd2 Ba6 15.
Rd1 Bd3 16. Nc3 c4 17. Ne1 Rc8 18. Nxd5 Nxd5 19. Nxd3 cxd3 20. Qxd3 Nb6 21. Qxd8
Rfxd8 22. Be3 Bf6 23. Rxd8+ Rxd8 24. Rb1 g6 25. b3 Rc8 26. a4 Bc3 27. Rc1 Bb4
28. Rxc8+ Nxc8 29. Kf1 Kf8 30. Ke2 Ke7 31. Kd3 a5 32. Kc4 Nd6+ 33. Kd5 Kd7 34.
Bf4 Ne8 35. Kc4 Nd6+ 36. Kd5 Ne8 37. Be5 f6 38. Bd4 f5 39. h3 Nc7+ 40. Kc4 Be1
41. Bb6 Ne8 42. Bd5 Nd6+ 43. Kd3 Bb4 44. Be3 Ne8 45. g4 Nd6 46. Bf4 fxg4 47.
hxg4 h5 48. gxh5 gxh5 49. Bf3 h4 50. Bg4+ Kc6 51. Bg5 Nf7 52. Bf6 Kd6 53. Ke4
Bd2 54. Bxh4 Ng5+ 55. Kd3 Be1 56. Bxg5 Bxf2 57. Bd2 Bb6 58. Kc4 Kc6 59. Bf3+ Kc7
60. Kb5 1-0

[Event "Titled Tue 17th Jun Early"]
[Site "chess.com INT"]
[Date "2025.06.17"]
[Round "7"]
[White "Kukushkin, Ivan"]
[Black "Mikhalsky, Vladimir"]
[Result "1/2-1/2"]
[WhiteTitle "CM"]
[WhiteElo "2008"]
[BlackElo "2219"]
[WhiteFideId "11634103"]
[BlackFideId "14144352"]
[EventDate "2025.06.17"]

1. e4 g6 2. d4 Bg7 3. Nf3 d6 4. Bc4 a6 5. Bb3 e6 6. O-O Ne7 7. Re1 b6 8. Nbd2
Bb7 9. Nf1 Nd7 10. Ng3 h6 11. c3 O-O 12. Be3 Nf6 13. Bc2 g5 14. Qc1 Ng6 15. Nd2
Ng4 16. Ndf1 Qd7 17. Bd2 f5 18. f3 f4 19. Nh1 Nf6 20. Nf2 e5 21. d5 h5 22. h3 g4
23. Bd1 g3 24. Nd3 a5 25. c4 Nh7 26. Re2 Ng5 27. Ne1 Nh4 28. Bc3 Rf6 29. Nd2 Rg6
30. Qc2 Kh7 31. Qa4 Qe7 32. b4 axb4 33. Qxb4 Bc8 34. a4 Bxh3 35. gxh3 Nxh3+ 36.
Kf1 Nf2 37. Rxf2 gxf2 38. Kxf2 Qg5 39. Ke2 Qg1 40. Nf1 Ng2 41. Nd3 Ne3 42. Ne1
Qxf1+ 43. Kd2 Nxc4+ 44. Kc1 Ne3 45. Bb3 Rg1 46. Kb2 Qe2+ 47. Ka3 h4 48. Rc1 h3
49. Rb1 h2 50. Rb2 Qxb2+ 51. Bxb2 h1=Q 52. Bc3 Qh2 53. Qb5 Rxe1 54. Bxe1 Nc2+
55. Bxc2 Qxc2 56. Qd7 Qd3+ 57. Kb2 Qe2+ 58. Kb3 Qxe1 59. Qh3+ Kg6 60. Qf5+ Kh6
61. Qh3+ Kg5 62. Qf5+ Kh6 63. Qh3+ Kg6 64. Qf5+ Kh6 1/2-1/2

[Event "Titled Tue 17th Jun Early"]
[Site "chess.com INT"]
[Date "2025.06.17"]
[Round "7"]
[White "Zeliantsova, Kseniya"]
[Black "Ziegler, Ari"]
[Result "0-1"]
[WhiteTitle "WFM"]
[BlackTitle "IM"]
[WhiteElo "2062"]
[BlackElo "2297"]
[WhiteFideId "13512617"]
[BlackFideId "1700987"]
[EventDate "2025.06.17"]

1. e4 e6 2. d4 d5 3. Nc3 Nf6 4. e5 Nfd7 5. Nce2 c5 6. c3 Nc6 7. Nf3 Qb6 8. a3 a5
9. Nf4 Be7 10. h4 h6 11. Nh5 Rg8 12. Rh3 a4 13. Rg3 g6 14. Nf4 cxd4 15. cxd4 Na5
16. Bd3 Nb3 17. Rb1 Nf8 18. Be3 Bd7 19. Ne2 h5 20. Nf4 Rh8 21. Kf1 Bb5 22. Kg1
Bxd3 23. Nxd3 Rc8 24. Kh2 Qd8 25. Ng5 Nh7 26. Qf3 Nxg5 27. hxg5 Rc2 28. Qf4 Qb6
29. Rf3 Rf8 30. g4 hxg4 31. Qxg4 Qb5 32. Nf4 Nd2 33. Bxd2 Rxd2 34. Kg2 Rxb2 35.
Rc1 Qd7 36. Nd3 Rb5 37. Nc5 Bxc5 38. dxc5 Qc6 39. Qxa4 Ke7 40. Rfc3 Rh8 41. Qf4
Rh5 42. Rf3 Rh7 43. Qf6+ Ke8 44. Rcc3 Rxc5 45. Rce3 Rc4 46. Rh3 Rg4+ 47. Kh2
Rgh4 48. Rg3 Qc5 49. Kg2 Qd4 50. Rc3 Qe4+ 51. Kf1 Qb1+ 52. Kg2 Qe4+ 53. Kf1 Qb1+
54. Kg2 Rg4+ 55. Kh2 Qg1# 0-1

[Event "Titled Tue 17th Jun Early"]
[Site "chess.com INT"]
[Date "2025.06.17"]
[Round "7"]
[White "Purushothaman, Thirumalai"]
[Black "Guliev, Gasan"]
[Result "1-0"]
[WhiteTitle "FM"]
[BlackTitle "CM"]
[WhiteElo "2027"]
[BlackElo "2123"]
[WhiteFideId "5012791"]
[BlackFideId "34165638"]
[EventDate "2025.06.17"]

1. e4 c5 2. c3 Nf6 3. e5 Nd5 4. d4 cxd4 5. Nf3 Nc6 6. cxd4 d6 7. Bc4 Nb6 8. Bb5
dxe5 9. Nxe5 Bd7 10. Nxd7 Qxd7 11. Nc3 e6 12. O-O Be7 13. Qg4 O-O 14. Be3 Bf6
15. Rad1 Nd5 16. Ne4 Kh8 17. Nc5 Qc8 18. Rc1 e5 19. Qxc8 Raxc8 20. dxe5 Nxe3 21.
fxe3 Bg5 22. Rfe1 Nxe5 23. Rc3 b6 24. Ne4 Rxc3 25. Nxc3 f5 26. g3 Ng4 27. Nd5
Rd8 28. Nf4 g6 29. Ne6 Bxe3+ 30. Kh1 Rd2 31. Be2 Nf2+ 32. Kg2 Ne4 33. Kf3 Bh6
34. Nf4 Rxb2 35. Bd3 Nd2+ 36. Ke3 Rxa2 37. Kd4 Nb3+ 38. Kc3 Nc5 39. Re7 Bg7+ 40.
Kc4 Ra4+ 41. Kd5 Rd4+ 42. Kc6 Nxd3 43. Re8+ Bf8 44. Rxf8+ Kg7 45. Ne6+ Kh6 46.
Nxd4 Ne5+ 47. Kb5 Ng4 48. Ra8 Nxh2 49. Rxa7 Nf1 50. Kxb6 Nxg3 51. Ne6 g5 52. Nf8
f4 53. Rxh7# 1-0

[Event "Titled Tue 17th Jun Early"]
[Site "chess.com INT"]
[Date "2025.06.17"]
[Round "7"]
[White "Durarbayli, Vasif"]
[Black "Nitish, Belurkar"]
[Result "1-0"]
[WhiteTitle "GM"]
[BlackTitle "IM"]
[WhiteElo "2612"]
[BlackElo "2454"]
[WhiteFideId "13402935"]
[BlackFideId "5084768"]
[EventDate "2025.06.17"]

1. e4 d6 2. d4 Nf6 3. Nc3 c6 4. h3 e5 5. Nf3 Qc7 6. Be3 b5 7. Bd3 b4 8. Ne2 a5
9. O-O Be7 10. a3 Bb7 11. axb4 axb4 12. Rxa8 Bxa8 13. Ng3 c5 14. Bb5+ Bc6 15.
Bxc6+ Nxc6 16. d5 Na5 17. Nd2 c4 18. c3 bxc3 19. Qa4+ Qd7 20. Qxd7+ Kxd7 21.
bxc3 Rc8 22. Ra1 Bd8 23. Bg5 Nb3 24. Ra7+ Ke8 25. Nf5 Rc7 26. Nxd6+ Kd7 27.
Rxc7+ Bxc7 28. N6xc4 Nc5 29. Bxf6 gxf6 30. Ne3 Ba5 31. Nd1 f5 32. exf5 e4 33.
Kf1 Bd8 34. Ke2 Kd6 35. c4 Ke5 36. Ne3 Kd4 37. f3 Bg5 38. Nc2+ Kc3 39. Nxe4+
Nxe4 40. fxe4 Kxc2 41. c5 Bf4 42. Kf3 Be5 43. d6 Kd3 44. d7 Bc7 45. e5 Kd4 46.
e6 fxe6 47. fxe6 Bd8 48. c6 Kd5 49. e7 Bxe7 50. c7 Ke6 51. d8=Q Bxd8 52. cxd8=Q
h5 53. Qf8 h4 54. Ke4 Kd7 55. Qf6 Kc7 56. Qe6 Kb8 57. Qd7 Ka8 58. Kd5 Kb8 59.
Kc6 Ka8 60. Kb6 Kb8 61. Qd8# 1-0

[Event "Titled Tue 17th Jun Early"]
[Site "chess.com INT"]
[Date "2025.06.17"]
[Round "7"]
[White "Shahinyan, Vladimir"]
[Black "Safin Safarullakhan"]
[Result "1-0"]
[WhiteTitle "CM"]
[BlackTitle "CM"]
[WhiteElo "2202"]
[BlackElo "2028"]
[WhiteFideId "13314599"]
[BlackFideId "33379475"]
[EventDate "2025.06.17"]

1. e4 c5 2. Nc3 g6 3. h4 h5 4. d4 cxd4 5. Qxd4 Nf6 6. e5 Nc6 7. Qe3 Ng4 8. Qe2
Ngxe5 9. Bf4 Bg7 10. O-O-O O-O 11. Nf3 Nxf3 12. Qxf3 d6 13. Qe3 Kh7 14. Bd3 e5
15. Bg5 f6 16. f3 fxg5 17. hxg5 Bf5 18. g4 Bxd3 19. Rxd3 h4 20. Rxh4+ Kg8 21.
Ne4 d5 22. Rd1 Qa5 23. Qb3 Nd4 24. Qxb7 Rab8 25. Nf6+ Rxf6 26. Qxb8+ Rf8 27. Qb7
Nxf3 28. Rh3 Qxa2 29. Qxd5+ Qxd5 30. Rxd5 Nxg5 31. Ra3 Rf1+ 32. Kd2 Nf3+ 33. Ke2
Re1+ 34. Kxf3 e4+ 35. Kf2 Rb1 36. Rb3 Bxb2 37. Rdb5 Bd4+ 38. Ke2 Rg1 39. R5b4
Rg2+ 40. Kf1 Rf2+ 41. Ke1 Rf4 42. Rxd4 Rxg4 43. Re3 Rg1+ 44. Kd2 Rg2+ 45. Re2
Rg3 46. Rexe4 a5 47. Re7 Kf8 48. Ra7 Rg2+ 49. Kc3 Rg3+ 50. Kb2 Re3 51. Rd8+ Re8
52. Rxe8+ Kxe8 53. Rxa5 Ke7 54. c4 Kf6 55. Kc3 g5 56. Kd4 Kg6 57. c5 Kh5 58. c6
Kh4 59. c7 g4 60. c8=Q g3 61. Qf5 g2 62. Qf4+ Kh3 63. Rh5# 1-0